Statistics for European leaders and heads of state

Click here to take the quiz!

General Stats

  • This quiz has been taken 34 times
  • The average score is 14 of 93

Answer Stats

CountryPositionName% Correct
FrancePresidentEmmanuel Macron
83%
BelarusPresidentAlexander Lukashenko
63%
GermanyChancellorOlaf Scholz
63%
RussiaPresidentVladimir Putin
63%
Vatican CitySovereign/Pope/Bishop of RomeFrancis
54%
TurkeyPresidentRecep Tayyip Erdoğan
54%
United KingdomMonarchCharles III
50%
United KingdomPrime MinisterRishi Sunak
50%
HungaryPrime MinisterViktor Orbán
50%
UkrainePresidentVolodymyr Zelenskyy
50%
AndorraCo-PrinceEmmanuel Macron
46%
SpainMonarchFelipe VI
38%
ItalyPrime MinisterGiorgia Meloni
38%
NetherlandsPrime MinisterMark Rutte
38%
SpainPrime MinisterPedro Sánchez
38%
BelgiumPrime MinisterAlexander De Croo
33%
BelgiumMonarchPhilippe
33%
AustriaPresidentAlexander Van der Bellen
29%
MonacoMonarchAlbert II
25%
PolandPresidentAndrzej Duda
25%
AlbaniaPrime MinisterEdi Rama
25%
NetherlandsMonarchWillem-Alexander
25%
SerbiaPresidentAleksandar Vučić
21%
GermanyPresidentFrank-Walter Steinmeier
21%
AustriaChancellorKarl Nehammer
21%
PolandPrime MinisterMateusz Morawiecki
21%
FinlandPrime MinisterSanna Marin
21%
FrancePrime MinisterÉlisabeth Borne
17%
SwedenPrime MinisterUlf Kristersson
17%
PortugalPrime MinisterAntónio Costa
13%
LuxembourgGrand DukeHenri
13%
RomaniaPresidentKlaus Iohannis
13%
DenmarkPrime MinisterMette Frederiksen
13%
Czech RepublicPrime MinisterPetr Fiala
13%
Kosovo*Prime MinisterAlbin Kurti
8%
SerbiaPrime MinisterAna Brnabić
8%
BulgariaPrime MinisterGalab Donev
8%
LithuaniaPresidentGitanas Nausėda
8%
LithuaniaPrime MinisterIngrida Šimonytė
8%
NorwayPrime MinisterJonas Gahr Støre
8%
EstoniaPrime MinisterKaja Kallas
8%
GreecePrime MinisterKyriakos Mitsotakis
8%
BulgariaPresidentRumen Radev
8%
ItalyPresidentSergio Matarella
8%
SlovakiaPresidentZuzana Čaputová
8%
EstoniaPresidentAlar Karis
4%
LiechtensteinRegentAlois
4%
CroatiaPrime MinisterAndrej Plenković
4%
AlbaniaPresidentBajram Begaj
4%
SloveniaPresidentBorut Pahor
4%
SwedenMonarchCarl XVI Gustaf
4%
UkrainePrime MinisterDenys Shmyhal
4%
LatviaPresidentEgils Levits
4%
MaltaPresidentGeorge Vella
4%
IcelandPresidentGuðni Th. Jóhannesson
4%
NorwayMonarchHarald V
4%
SwitzerlandPresident of the Federal Council/ConfederationIgnazio Cassis
4%
AndorraCo-PrinceJoan-Enric Vives
4%
HungaryPresidentKatalin Novák
4%
IcelandPrime MinisterKatrín Jakobsdóttir
4%
MoldovaPresidentMaia Sandu
4%
PortugalPresidentMarcelo Rebelo de Sousa
4%
IrelandPresidentMichael D. Higgins
4%
IrelandTaoiseachMicheál Martin
4%
Czech RepublicPresidentMiloš Zeman
4%
CyprusPresidentNicos Anastasiades
4%
SloveniaPrime MinisterRobert Golob
4%
FinlandPresidentSauli Niinistö
4%
Kosovo*PresidentVjosa Osmani
4%
LuxembourgPrime MinisterXavier Bettel
4%
CroatiaPresidentZoran Milanović
4%
Bosnia and HerzegovinaHigh RepresentativeChristian Schmidt
0%
LiechtensteinPrime MinisterDaniel Risch
0%
North MacedoniaPrime MinisterDimitar Kovačevski
0%
MontenegroPrime MinisterDritan Abazović
0%
SlovakiaPrime MinisterEduard Heger
0%
LiechtensteinMonarchHans-Adam II
0%
GreecePresidentKaterina Sakellaropoulou
0%
LatviaPrime MinisterKrišjānis Kariņš
0%
San MarinoCaptain RegentManuel Ciavatta
0%
DenmarkMonarchMargrethe II
0%
San MarinoCaptain RegentMaria Luisa Berti
0%
RussiaPrime MinisterMikhail Mishustin
0%
MontenegroPresidentMilo Đukanović
0%
MoldovaPrime MinisterNatalia Gavrilița
0%
RomaniaPrime MinisterNicolae Ciucă
0%
MonacoPrime MinisterPierre Dartout
0%
MaltaPrime MinisterRobert Abela
0%
BelarusPrime MinisterRoman Golovchenko
0%
North MacedoniaPresidentStevo Pendarovski
0%
SwitzerlandFederal ChancellorWalter Thurnherr
0%
AndorraPrime MinisterXavier Espot Zamora
0%
Bosnia and HerzegovinaChairman of the Council of MinistersZoran Tegeltija
0%

Score Distribution

Percentile by Number Answered

Percent of People with Each Score

Your Score History

You have not taken this quiz